[Event "4NCL Online Division 3"]
[Site "online"]
[Date "2020.09.08"]
[Round "2.124"]
[White "Lawson, David"]
[Black "Lintern, Jack"]
[Result "0-1"]
[WhiteElo "1765"]
[BlackElo "1800"]
[PlyCount "74"]
[EventDate "2020.09.08"]
[WhiteTeam "CSC 4"]
[BlackTeam "Clevedon"]

1. d4 Nf6 2. c4 e6 3. Nf3 d5 4. Nc3 dxc4 5. e4 Bb4 6. Qa4+ Nc6 7. Bg5 h6 8.
Bxf6 Qxf6 9. Bxc4 Bd7 10. Qb3 Bxc3+ 11. Qxc3 O-O 12. O-O Rfe8 13. Rad1 Rad8 14.
Rfe1 a5 15. a3 b6 16. Ba2 e5 17. d5 Nb8 18. Qe3 Bg4 19. Rc1 Bxf3 20. gxf3 c5
21. Kh1 Nd7 22. Bc4 Nf8 23. Rg1 Ng6 24. Rg3 Nf4 25. Rcg1 g6 26. Rb1 h5 27. Bb5
Re7 28. Bc6 h4 29. Rg4 Nh3 30. b4 axb4 31. axb4 cxb4 32. Rxb4 Ra7 33. Rxb6 Ra1+
34. Kg2 Nf4+ 35. Rxf4 exf4 36. Qb3 Qg5+ 37. Kh3 Rg1 0-1

[Event "4NCL Online Division 3"]
[Site "online"]
[Date "2020.09.08"]
[Round "2.131"]
[White "Elwin, Adrian G"]
[Black "Tomlinson, Zak"]
[Result "1/2-1/2"]
[WhiteElo "1982"]
[BlackElo "1772"]
[PlyCount "75"]
[EventDate "2020.09.08"]
[WhiteTeam "MK Phoenix 2"]
[BlackTeam "Chessmates"]

1. d4 Nf6 2. c4 e6 3. Nf3 b6 4. Nc3 Bb4 5. Bg5 h6 6. Bxf6 Qxf6 7. e4 Bb7 8. Bd3
O-O 9. O-O Bxc3 10. bxc3 d6 11. Nd2 e5 12. Qf3 Nd7 13. Qxf6 Nxf6 14. f4 Nd7 15.
Rae1 Rae8 16. h3 exf4 17. Rxf4 f5 18. Rff1 fxe4 19. Bxe4 Rxf1+ 20. Kxf1 Bxe4
21. Nxe4 Kf7 22. Re2 Nf6 23. Nxf6 Rxe2 24. Kxe2 Kxf6 25. Kf3 c6 26. Kf4 g5+ 27.
Ke4 h5 28. g4 h4 29. Kd3 Ke6 30. a4 a5 31. Ke4 d5+ 32. Kd3 dxc4+ 33. Kxc4 Kd6
34. Kd3 b5 35. c4 b4 36. Kc2 Ke6 37. Kd3 Kd6 38. Kc2 1/2-1/2

[Event "4NCL Online Division 3"]
[Site "online"]
[Date "2020.09.08"]
[Round "2.132"]
[White "Catt, Peter"]
[Black "Brown, Alan M"]
[Result "1/2-1/2"]
[WhiteElo "1787"]
[BlackElo "2008"]
[PlyCount "79"]
[EventDate "2020.09.08"]
[WhiteTeam "Chessmates"]
[BlackTeam "MK Phoenix 2"]

1. e4 e6 2. d4 d5 3. Nc3 Bb4 4. e5 b6 5. a3 Bf8 6. Nf3 Ba6 7. Bxa6 Nxa6 8. Qd3
Qc8 9. O-O Ne7 10. Re1 c6 11. Bg5 h6 12. Bd2 Ng6 13. Rac1 Be7 14. Nd1 Nc7 15.
c4 Qa6 16. Qc3 dxc4 17. Qxc4 Qxc4 18. Rxc4 Kd7 19. Ne3 Nd5 20. Rec1 Rhc8 21.
Nxd5 cxd5 22. Rxc8 Rxc8 23. Rxc8 Kxc8 24. Kf1 Kb7 25. Ke2 Kc6 26. g3 Kb5 27.
Kd3 Nf8 28. h4 Nd7 29. Ne1 Nb8 30. f4 h5 31. Ng2 g6 32. Ne3 Kc6 33. Nc2 b5 34.
Bb4 Bd8 35. Bd6 Nd7 36. b4 a6 37. Bc5 Bc7 38. Kc3 Bd8 39. Kd3 Bc7 40. Kc3
1/2-1/2

[Event "4NCL Online Division 3"]
[Site "online"]
[Date "2020.09.08"]
[Round "2.133"]
[White "Whiteside, Robert"]
[Black "Fisher, Neal"]
[Result "0-1"]
[WhiteElo "1792"]
[BlackElo "1750"]
[PlyCount "148"]
[EventDate "2020.09.08"]
[WhiteTeam "MK Phoenix 2"]
[BlackTeam "Chessmates"]

1. e4 e5 2. Nf3 d6 3. Bc4 h6 4. O-O Nf6 5. Re1 Be7 6. c3 c6 7. d4 Qc7 8. h3
Nbd7 9. a4 a5 10. Nbd2 Nf8 11. Nf1 Ng6 12. Ng3 Bd7 13. Nf5 Bf8 14. Qb3 d5 15.
exd5 cxd5 16. Bxd5 Nxd5 17. Nxe5 Nxe5 18. Rxe5+ Ne7 19. Qxb7 Qxb7 20. Nd6+ Kd8
21. Nxb7+ Kc7 22. Nc5 Nc6 23. Re1 Bxc5 24. dxc5 Rhe8 25. Bf4+ Kb7 26. Bd6 Rxe1+
27. Rxe1 Re8 28. Rb1 g6 29. b4 axb4 30. cxb4 Bf5 31. Rb2 Ra8 32. b5 Nd4 33. Ra2
Be6 34. Ra1 h5 35. Be5 Nb3 36. c6+ Kb6 37. Ra3 f5 38. h4 Rd8 39. Kh2 Nc5 40.
Re3 Nxa4 41. Bc7+ Kxc7 42. Rxe6 Rg8 43. Re7+ Kb6 44. Rb7+ Kc5 45. Kg3 Nb6 46.
c7 Rc8 47. Kf4 Kxb5 48. Kg5 Kc6 49. Ra7 Rg8 50. f4 Kd7 51. Kh6 Nc8 52. Rb7 Kc6
53. Kh7 Re8 54. Rb3 Kxc7 55. Kxg6 Nd6 56. Kxh5 Rg8 57. g3 Ne4 58. Rb5 Nxg3+ 59.
Kh6 Rg4 60. Rb4 Ne4 61. h5 Kc6 62. Rd4 Kc5 63. Ra4 Kd6 64. Ra5 Ke6 65. Ra6+ Nd6
66. Ra4 Nf7+ 67. Kh7 Rh4 68. Ra6+ Nd6 69. Kh6 Rxf4 70. Kg6 Rg4+ 71. Kh7 f4 72.
h6 f3 73. Kh8 f2 74. h7 Rf4 0-1

[Event "4NCL Online Division 3"]
[Site "online"]
[Date "2020.09.08"]
[Round "2.134"]
[White "Duffell, Andrew"]
[Black "Williamson, Kevin J"]
[Result "0-1"]
[WhiteElo "1622"]
[BlackElo "1859"]
[PlyCount "120"]
[EventDate "2020.09.08"]
[WhiteTeam "Chessmates"]
[BlackTeam "MK Phoenix 2"]

1. d4 d5 2. c4 Nc6 3. cxd5 Qxd5 4. e3 e5 5. Nc3 Bb4 6. Bd2 Bxc3 7. Bxc3 exd4 8.
Ne2 Nf6 9. Nxd4 O-O 10. Nb5 Qg5 11. Bxf6 Qxf6 12. Nxc7 Rd8 13. Bd3 Bf5 14. Nxa8
Bxd3 15. Qb3 Qe5 16. Qc3 Qxc3+ 17. bxc3 Rxa8 18. O-O-O Bc4 19. Rd2 g6 20. Kb2
Be6 21. Rhd1 Kg7 22. h3 Rc8 23. g4 Ne5 24. Rc2 Rc6 25. Ka1 Nc4 26. e4 g5 27.
Re1 Rd6 28. Rcc1 Rd2 29. f3 Na3 30. c4 Bxc4 31. Rxc4 Nxc4 32. a4 Rd3 33. Ka2
Ra3+ 34. Kb1 Rxa4 35. Kc2 b5 36. Kc3 Ra3+ 37. Kb4 a6 38. e5 Re3 39. Ra1 Rxe5
40. Rxa6 Nd2 41. Ra3 Kg6 42. Rd3 Nf1 43. Rd1 Ne3 44. Rd3 Nd5+ 45. Kxb5 Nf4+ 46.
Kc4 Nxd3 47. Kxd3 f5 48. Kd4 Ra5 49. Ke3 f4+ 50. Kf2 Ra2+ 51. Kg1 h5 52. Kf1
hxg4 53. hxg4 Kf6 54. Ke1 Ke5 55. Kd1 Kd4 56. Ke1 Ke3 57. Kf1 Rb2 58. Kg1 Kxf3
59. Kh1 Kg3 60. Kg1 Rb1# 0-1

[Event "4NCL Online Division 3"]
[Site "online"]
[Date "2020.09.08"]
[Round "2.141"]
[White "Rathbone-Jones, Ifan"]
[Black "Bennett, John M"]
[Result "1-0"]
[WhiteElo "2095"]
[BlackElo "1995"]
[PlyCount "55"]
[EventDate "2020.09.08"]
[WhiteTeam "Fischer's Catch"]
[BlackTeam "Streatham B"]

1. d4 d6 2. Bf4 g6 3. Nc3 Bg7 4. Nf3 c6 5. e4 Nf6 6. Qd2 b5 7. Bh6 b4 8. Bxg7
bxc3 9. Qxc3 Nxe4 10. Qe3 Qa5+ 11. c3 Rg8 12. Bh6 Bf5 13. g4 Bxg4 14. Qxe4 Qh5
15. Bg5 e6 16. Be2 Bxf3 17. Qf4 Bxe2 18. Qf6 Kd7 19. Qxf7+ Kc8 20. Qxg8+ Kb7
21. Qf7+ Ka6 22. Qxe6 Bd3 23. Qc8+ Ka5 24. Bd8+ Ka4 25. Qe6 d5 26. Qe7 a5 27.
b3+ Kb5 28. Qc5+ 1-0

[Event "4NCL Online Division 3"]
[Site "online"]
[Date "2020.09.08"]
[Round "2.142"]
[White "Phillips, Owen S"]
[Black "Smith, Olivia"]
[Result "1/2-1/2"]
[WhiteElo "1871"]
[BlackElo "2170"]
[PlyCount "74"]
[EventDate "2020.09.08"]
[WhiteTeam "Streatham B"]
[BlackTeam "Fischer's Catch"]

1. d4 Nf6 2. c4 e6 3. a3 d5 4. e3 Be7 5. f4 O-O 6. Nf3 a6 7. c5 Nbd7 8. b4 Ne4
9. Qc2 f5 10. Nbd2 Ndf6 11. Ne5 Nxd2 12. Bxd2 Ne4 13. Bd3 Bf6 14. Bxe4 fxe4 15.
O-O c6 16. Bc3 Bd7 17. Nxd7 Qxd7 18. g4 h6 19. Qg2 g5 20. f5 exf5 21. Rxf5 Bg7
22. Raf1 Rxf5 23. gxf5 Rf8 24. Qg4 Bf6 25. Be1 Qf7 26. Bg3 h5 27. Qe2 Kh7 28.
Be5 Kh6 29. a4 Qd7 30. Bd6 Rf7 31. Qf2 Bd8 32. a5 Bf6 33. Be5 Qe7 34. Bd6 Qe8
35. Kh1 Kh7 36. Qg3 Qd7 37. Qh3 Kh6 1/2-1/2

[Event "4NCL Online Division 3"]
[Site "online"]
[Date "2020.09.08"]
[Round "2.143"]
[White "Sivarajasingam, Venetia"]
[Black "Hylands, Liam M"]
[Result "0-1"]
[WhiteElo "2020"]
[BlackElo "1883"]
[PlyCount "36"]
[EventDate "2020.09.08"]
[WhiteTeam "Fischer's Catch"]
[BlackTeam "Streatham B"]

1. e4 c5 2. Nf3 e6 3. d4 cxd4 4. Nxd4 Nf6 5. e5 Qa5+ 6. Nc3 Qxe5+ 7. Be2 a6 8.
O-O Nc6 9. Nf3 Qc7 10. Bg5 Be7 11. Qd2 O-O 12. Bf4 Qb6 13. a3 d5 14. Na4 Qd8
15. Rfe1 Ne4 16. Qe3 b5 17. Nb6 Bc5 18. Qd3 Qxb6 0-1

[Event "4NCL Online Division 3"]
[Site "online"]
[Date "2020.09.08"]
[Round "2.144"]
[White "Ponting, Andrew"]
[Black "Jaberansari, Daniel"]
[Result "0-1"]
[WhiteElo "1870"]
[BlackElo "1652"]
[PlyCount "84"]
[EventDate "2020.09.08"]
[WhiteTeam "Streatham B"]
[BlackTeam "Fischer's Catch"]

1. d4 Nf6 2. c4 g6 3. Nc3 Bg7 4. e4 d6 5. Be3 O-O 6. h3 e5 7. d5 Ne8 8. g4 c6
9. Qd2 cxd5 10. cxd5 a6 11. a4 Nd7 12. Nge2 b6 13. Nc1 Nef6 14. f3 Nc5 15. b4
Ncd7 16. Nb3 Ne8 17. h4 a5 18. Nb5 f5 19. gxf5 gxf5 20. Bg5 Ndf6 21. Bd3 fxe4
22. fxe4 Qd7 23. bxa5 bxa5 24. Rg1 Nh5 25. Be2 Nf4 26. Bg4 Qf7 27. O-O-O Bxg4
28. Rxg4 Rc8+ 29. Kb1 Qg6 30. Qe3 h6 31. Rdg1 hxg5 32. Rxg5 Qh6 33. Nxa5 Rf7
34. Nc6 Rb7 35. Qf3 Qxh4 36. Qg4 Qxg4 37. R1xg4 Nf6 38. Na5 Rxb5+ 39. axb5 Nxg4
40. Rxg4 Rb8 41. Nc6 Rxb5+ 42. Kc2 Kf8 0-1

[Event "4NCL Online Division 3"]
[Site "online"]
[Date "2020.09.08"]
[Round "2.151"]
[White "Tipper, David I"]
[Black "Hoffmann, Hendrik"]
[Result "0-1"]
[WhiteElo "1780"]
[BlackElo "2380"]
[PlyCount "46"]
[EventDate "2020.09.08"]
[WhiteTeam "Downend 2"]
[BlackTeam "Celtic Tigers"]

1. e4 d6 2. d4 Nf6 3. Nc3 g6 4. f4 Bg7 5. Nf3 O-O 6. Bd3 Na6 7. O-O c5 8. d5
Bg4 9. h3 Bxf3 10. Qxf3 Nc7 11. Bc4 a6 12. a4 Qd7 13. e5 dxe5 14. fxe5 Nfe8 15.
Bf4 Rb8 16. e6 fxe6 17. dxe6 Qd4+ 18. Be3 Rxf3 19. Bxd4 Bxd4+ 20. Kh1 Rxf1+ 21.
Rxf1 Bxc3 22. bxc3 Nd6 23. Bd3 Rf8 0-1

[Event "4NCL Online Division 3"]
[Site "online"]
[Date "2020.09.08"]
[Round "2.152"]
[White "Maciol, Ryszard"]
[Black "Benkhoucha, Samy"]
[Result "0-1"]
[WhiteElo "2147"]
[BlackElo "1615"]
[PlyCount "72"]
[EventDate "2020.09.08"]
[WhiteTeam "Celtic Tigers"]
[BlackTeam "Downend 2"]

1. d4 d5 2. c4 c6 3. cxd5 cxd5 4. Bf4 Nc6 5. e3 Nf6 6. Nf3 Qb6 7. Nc3 Bf5 8.
Bb5 e6 9. Ne5 Be7 10. g4 Be4 11. f3 Bg6 12. h4 h5 13. g5 Nd7 14. Nxg6 fxg6 15.
Qc2 Kf7 16. O-O Rhc8 17. Bd3 Nf8 18. Qf2 Na5 19. Rac1 Nc4 20. b3 Nd6 21. e4
dxe4 22. fxe4 Kg8 23. Be5 Kh7 24. Na4 Qd8 25. d5 Nd7 26. Bb2 e5 27. Qg3 b5 28.
Nc3 Qb6+ 29. Kh2 Rf8 30. Ne2 Nf7 31. Rf3 Rac8 32. Rxc8 Rxc8 33. Rxf7 Qd8 34.
Bxe5 Nxe5 35. Qxe5 Bd6 36. Re7 Qxe7 0-1

[Event "4NCL Online Division 3"]
[Site "online"]
[Date "2020.09.08"]
[Round "2.153"]
[White "Walsh, Shaun"]
[Black "Brixel, Christof"]
[Result "0-1"]
[WhiteElo "1390"]
[BlackElo "2087"]
[PlyCount "98"]
[EventDate "2020.09.08"]
[WhiteTeam "Downend 2"]
[BlackTeam "Celtic Tigers"]

1. e4 b6 2. d4 Bb7 3. Bd3 e6 4. Bd2 Nf6 5. Qe2 c5 6. c3 cxd4 7. cxd4 Nc6 8. Nf3
Nb4 9. Nc3 Nxd3+ 10. Qxd3 Be7 11. e5 Nd5 12. O-O Nb4 13. Qe2 Bxf3 14. Qxf3 Nc2
15. Qg4 Nxa1 16. Qxg7 Rf8 17. Rxa1 d5 18. Qxh7 Kd7 19. Qd3 a6 20. Na4 b5 21.
Nc3 Qb6 22. Ne2 Rac8 23. f4 f5 24. b3 Rg8 25. Rb1 b4 26. Be1 Rc6 27. Rc1 Rxc1
28. Nxc1 Rc8 29. Ne2 Qb5 30. Qd1 Qc6 31. Qd3 a5 32. g3 Qc2 33. Qb5+ Rc6 34.
Qb7+ Rc7 35. Qb5+ Kd8 36. Qb8+ Rc8 37. Qb6+ Ke8 38. Qxe6 Rc7 39. Qg6+ Kd7 40.
Qh5 Qe4 41. Kf2 Rc2 42. Qf3 Qxd4+ 43. Qe3 Qd1 44. Qa7+ Ke8 45. Qb8+ Kf7 46. Qb5
Qd4+ 47. Kf1 Qe4 48. h4 Qh1+ 49. Kf2 Bc5+ 0-1

[Event "4NCL Online Division 3"]
[Site "online"]
[Date "2020.09.08"]
[Round "2.154"]
[White "Kitchen, Peter J"]
[Black "Lewis, Catherine"]
[Result "0-1"]
[WhiteElo "1870"]
[BlackElo "1000"]
[PlyCount "61"]
[EventDate "2020.09.08"]
[WhiteTeam "Celtic Tigers"]
[BlackTeam "Downend 2"]

1. e4 e5 2. Nf3 d6 3. d4 Nc6 4. dxe5 dxe5 5. Qxd8+ Kxd8 6. Ng5 Nh6 7. Bc4 Ke8
8. c3 f6 9. Ne6 Kd7 10. Nxf8+ Rxf8 11. O-O b6 12. Rd1+ Ke7 13. b3 Bg4 14. f3
Rfd8 15. Ba3+ Ke8 16. Nd2 Bh5 17. Bb5 Rac8 18. Bxc6+ Kf7 19. Nf1 g5 20. g4 Nxg4
21. fxg4 Bxg4 22. Rxd8 Rxd8 23. Bd5+ Kg6 24. Ne3 Bh3 25. Rd1 Rd7 26. Bc4 h5 27.
Rxd7 Bxd7 28. Nd5 c5 29. b4 h4 30. bxc5 b5 31. Ne7+ 0-1

[Event "4NCL Online Division 3"]
[Site "online"]
[Date "2020.09.08"]
[Round "2.161"]
[White "Broom, Mark"]
[Black "Williams, Michael D"]
[Result "1-0"]
[WhiteElo "2117"]
[BlackElo "1787"]
[PlyCount "55"]
[EventDate "2020.09.08"]
[WhiteTeam "Horsham 1"]
[BlackTeam "Wimbledon 2"]

1. c4 Nf6 2. Nc3 e5 3. g3 Bc5 4. Bg2 Nc6 5. e3 O-O 6. Nge2 d6 7. O-O Bf5 8. d4
Bb6 9. Nd5 Nxd5 10. cxd5 Ne7 11. dxe5 dxe5 12. b3 Qd6 13. Nc3 Rfd8 14. Bb2 a6
15. Rc1 Rac8 16. Qe2 Qg6 17. Rfd1 Rd6 18. Ba3 Rd7 19. Na4 Ba7 20. Nc5 Bxc5 21.
Bxc5 Be4 22. Bxe4 Qxe4 23. Bxe7 Rxe7 24. d6 Rd7 25. dxc7 Rxd1+ 26. Qxd1 Qb4 27.
Qd8+ Qf8 28. Rd1 1-0

[Event "4NCL Online Division 3"]
[Site "online"]
[Date "2020.09.08"]
[Round "2.163"]
[White "Taylor, Alex B"]
[Black "Selim, Omar"]
[Result "1-0"]
[WhiteElo "1922"]
[BlackElo "1315"]
[PlyCount "71"]
[EventDate "2020.09.08"]
[WhiteTeam "Horsham 1"]
[BlackTeam "Wimbledon 2"]

1. e4 e5 2. Nf3 Nc6 3. Bb5 a6 4. Ba4 b5 5. Bb3 Bc5 6. O-O Nf6 7. d3 h6 8. h3 d6
9. Re1 O-O 10. c3 Re8 11. Bc2 Bb7 12. Nbd2 Qd7 13. Nf1 Re6 14. Ng3 Ba7 15. Nh4
Ree8 16. Nhf5 Ne7 17. Nh4 Ng6 18. Nxg6 fxg6 19. d4 exd4 20. cxd4 Re7 21. Kh2
Qe8 22. f3 c5 23. Be3 Rd8 24. a4 b4 25. Bb3+ d5 26. dxc5 Kh8 27. Qc2 d4 28. Bf2
Rc7 29. Qc4 Bxc5 30. Red1 Qe5 31. Rd3 a5 32. Rad1 Rc6 33. Qb5 Rd7 34. Bxd4 Bxd4
35. Rxd4 Rxd4 36. Qxe5 1-0

[Event "4NCL Online Division 3"]
[Site "online"]
[Date "2020.09.22"]
[Round "3.11"]
[White "Pigott, Darrell N"]
[Black "Waterfield, John W"]
[Result "1/2-1/2"]
[WhiteElo "1960"]
[BlackElo "2035"]
[PlyCount "64"]
[EventDate "2020.09.22"]
[WhiteTeam "Watford 2"]
[BlackTeam "Abergavenny and Friends"]

1. e4 g6 2. d4 Bg7 3. Nc3 c5 4. Nf3 cxd4 5. Nxd4 Nc6 6. Be3 Nf6 7. Bc4 O-O 8.
Bb3 a5 9. a4 Ng4 10. Nxc6 Nxe3 11. Nxd8 Nxd1 12. Nxd1 Rxd8 13. c3 d6 14. Ne3 e6
15. O-O Bd7 16. f4 Bc6 17. f5 exf5 18. exf5 d5 19. fxg6 hxg6 20. Rad1 d4 21.
Rxf7 Kh8 22. Ng4 dxc3 23. bxc3 Rxd1+ 24. Bxd1 Bxc3 25. Kf2 Rd8 26. Bf3 Rd2+ 27.
Kg3 Ra2 28. Bxc6 bxc6 29. Nf6 Be5+ 30. Kf3 Bxf6 31. Rxf6 Kg7 32. Rxc6 Rxa4
1/2-1/2

[Event "4NCL Online Division 3"]
[Site "online"]
[Date "2020.09.22"]
[Round "3.12"]
[White "Wakeham, Marc"]
[Black "Sloan, Cecil"]
[Result "1-0"]
[WhiteElo "1900"]
[BlackElo "1720"]
[PlyCount "111"]
[EventDate "2020.09.22"]
[WhiteTeam "Abergavenny and Friends"]
[BlackTeam "Watford 2"]

1. e4 c5 2. c3 g6 3. Nf3 Bg7 4. d4 cxd4 5. cxd4 d5 6. e5 f6 7. Bb5+ Nc6 8. Nc3
a6 9. Bxc6+ bxc6 10. h3 fxe5 11. Nxe5 Bxe5 12. dxe5 e6 13. Be3 Qc7 14. O-O Ne7
15. Rc1 Rf8 16. Re1 Rf5 17. Na4 Rxe5 18. Qd2 Nf5 19. Bf4 Rxe1+ 20. Rxe1 Qa7 21.
Qc3 d4 22. Qc5 Qxc5 23. Nxc5 Kf7 24. Rd1 Ra7 25. Be5 Re7 26. Bxd4 Nxd4 27. Rxd4
e5 28. Rd8 Rc7 29. Rh8 Kg7 30. Re8 Kf7 31. Rxe5 Re7 32. Rxe7+ Kxe7 33. Kf1 Kd6
34. Nd3 Kd5 35. Ke2 Kd4 36. Kd2 c5 37. Nc1 Be6 38. Ne2+ Ke5 39. a3 Bd5 40. f3
Bc4 41. g3 g5 42. Nc3 Bf1 43. Ne4 Bxh3 44. Nxg5 Bg2 45. f4+ Kd4 46. Nxh7 Bh3
47. Nf6 Kc4 48. g4 Kb3 49. Kc1 c4 50. g5 Bf5 51. Nd5 Be4 52. Ne7 c3 53. bxc3
Kxc3 54. f5 Kb3 55. g6 Kxa3 56. g7 1-0

[Event "4NCL Online Division 3"]
[Site "online"]
[Date "2020.09.22"]
[Round "3.13"]
[White "Littlefair, Paul"]
[Black "Keene, Alan"]
[Result "0-1"]
[WhiteElo "1690"]
[BlackElo "1840"]
[PlyCount "60"]
[EventDate "2020.09.22"]
[WhiteTeam "Watford 2"]
[BlackTeam "Abergavenny and Friends"]

1. e4 c5 2. Nf3 d6 3. g3 Nf6 4. d3 g6 5. Bg2 Bg7 6. O-O O-O 7. c3 Nbd7 8. Nbd2
Rb8 9. a4 b6 10. Re1 Qc7 11. Nc4 e5 12. h4 a6 13. Bd2 Bb7 14. Qc1 b5 15. axb5
axb5 16. Ne3 Ra8 17. Qc2 c4 18. dxc4 Bxe4 19. Qb3 Nc5 20. Qxb5 Rfb8 21. Rxa8
Bxa8 22. Ra1 Rxb5 23. cxb5 Be4 24. b4 Nb3 25. Ra3 Nxd2 26. Nxd2 Bxg2 27. Nxg2
Bh6 28. Nf3 Kg7 29. Ne3 Ne4 30. Nd5 Qc4 0-1

[Event "4NCL Online Division 3"]
[Site "online"]
[Date "2020.09.22"]
[Round "3.14"]
[White "Morgans, Justin"]
[Black "Shaw, David K"]
[Result "1-0"]
[WhiteElo "1618"]
[BlackElo "1660"]
[PlyCount "33"]
[EventDate "2020.09.22"]
[WhiteTeam "Abergavenny and Friends"]
[BlackTeam "Watford 2"]

1. d4 e6 2. c4 f5 3. Nf3 Nf6 4. e3 b6 5. Be2 Bb7 6. O-O Be7 7. Nc3 O-O 8. b3 d6
9. Bb2 e5 10. dxe5 dxe5 11. Nxe5 Bd6 12. Bf3 Ne4 13. Nb5 Nc6 14. Qd5+ Kh8 15.
Nf7+ Rxf7 16. Qxf7 Qh4 17. Qxg7# 1-0

[Event "4NCL Online Division 3"]
[Site "online"]
[Date "2020.09.22"]
[Round "3.21"]
[White "Singh, Amrik J"]
[Black "Hayali, Laith"]
[Result "0-1"]
[WhiteElo "1847"]
[BlackElo "1765"]
[PlyCount "80"]
[EventDate "2020.09.22"]
[WhiteTeam "Warley Mighty Quins"]
[BlackTeam "Hatch End A"]

1. e4 e6 2. f4 d5 3. e5 c5 4. c3 Nc6 5. Nf3 h5 6. Be2 h4 7. O-O h3 8. g3 Be7 9.
Na3 Nh6 10. Nc2 Nf5 11. d3 d4 12. Qe1 b6 13. Qf2 Bb7 14. Bd2 Qd5 15. c4 Qd7 16.
a3 Na5 17. b4 Nxc4 18. dxc4 d3 19. Ne3 dxe2 20. Qxe2 Nd4 21. Nxd4 cxd4 22. Nd1
Qc6 23. Kf2 O-O-O 24. Ke1 d3 25. Qe3 Qg2 26. Qf2 f6 27. Ne3 Qe4 28. exf6 Bxf6
29. Rb1 Bc3 30. Rb3 Bd4 31. Kd1 g5 32. Qe1 Rhf8 33. Ng4 Qg2 34. Rxd3 Be4 35.
Rxd4 Rxd4 36. Rf2 Rfd8 37. Nf6 Rxd2+ 38. Rxd2 Qf3+ 39. Qe2 Qh1+ 40. Qe1 Bf3+
0-1

[Event "4NCL Online Division 3"]
[Site "online"]
[Date "2020.09.22"]
[Round "3.22"]
[White "Parsons, Robert"]
[Black "Turner, Jon"]
[Result "1/2-1/2"]
[WhiteElo "1742"]
[BlackElo "1892"]
[PlyCount "54"]
[EventDate "2020.09.22"]
[WhiteTeam "Hatch End A"]
[BlackTeam "Warley Mighty Quins"]

1. e4 d5 2. exd5 Qxd5 3. Nc3 Qa5 4. Nf3 Nf6 5. d3 c6 6. Be2 Bf5 7. Bd2 Qc7 8.
O-O e6 9. Re1 Nbd7 10. Bg5 h6 11. Bh4 Bd6 12. Bxf6 gxf6 13. Ne4 O-O-O 14. Nxd6+
Qxd6 15. c3 Rdg8 16. Nd2 Bxd3 17. Ne4 Rxg2+ 18. Kxg2 Bxe4+ 19. f3 Rg8+ 20. Kf2
Qxh2+ 21. Ke3 Bf5 22. Qd4 e5 23. Qxa7 Qf4+ 24. Kf2 Qg3+ 25. Ke3 Qf4+ 26. Kf2
Qg3+ 27. Ke3 Qf4+ 1/2-1/2

[Event "4NCL Online Division 3"]
[Site "online"]
[Date "2020.09.22"]
[Round "3.23"]
[White "Emery, Ian"]
[Black "Phillips, William"]
[Result "1-0"]
[WhiteElo "1847"]
[BlackElo "1819"]
[PlyCount "71"]
[EventDate "2020.09.22"]
[WhiteTeam "Warley Mighty Quins"]
[BlackTeam "Hatch End A"]

1. e4 e5 2. Nf3 Nc6 3. d4 exd4 4. Bc4 Nf6 5. e5 d5 6. Bb5 Ne4 7. Nxd4 Bd7 8.
Bxc6 bxc6 9. O-O Be7 10. Nd2 Nxd2 11. Bxd2 O-O 12. f4 c5 13. Nf3 Rb8 14. b3 Bf5
15. c3 Rb6 16. Be3 Rg6 17. Kh1 h5 18. Qe2 c6 19. Qa6 Qb6 20. Qe2 Qb5 21. Qxb5
cxb5 22. a4 a6 23. axb5 axb5 24. Ra7 Re8 25. Rc7 Bd3 26. Ra1 c4 27. bxc4 bxc4
28. Raa7 Bf1 29. g3 Bd8 30. Rxf7 Ba5 31. Bd4 Be2 32. Nh4 Rg4 33. Rfd7 Bd8 34.
Ra8 Bxh4 35. Rxe8+ Kh7 36. Kg2 1-0

[Event "4NCL Online Division 3"]
[Site "online"]
[Date "2020.09.22"]
[Round "3.24"]
[White "Breed, Greg J"]
[Black "Jeffs, David"]
[Result "1-0"]
[WhiteElo "1784"]
[BlackElo "1742"]
[PlyCount "57"]
[EventDate "2020.09.22"]
[WhiteTeam "Hatch End A"]
[BlackTeam "Warley Mighty Quins"]

1. d4 Nf6 2. c4 e6 3. Nf3 c5 4. d5 exd5 5. cxd5 d6 6. Nc3 Bf5 7. e4 Bd7 8. Bd3
g6 9. O-O Bg7 10. Re1 O-O 11. a4 Na6 12. Bxa6 bxa6 13. Nd2 Re8 14. Nc4 Qc7 15.
Bf4 Bf8 16. e5 dxe5 17. Bxe5 Qd8 18. Qf3 Bg7 19. Nd6 Rf8 20. Nc4 Rc8 21. h3 Ne8
22. Rad1 Bxe5 23. Nxe5 Nd6 24. Nc6 Bxc6 25. dxc6 Qc7 26. Nd5 Qa5 27. b4 Qxa4
28. Ne7+ Kg7 29. Rxd6 1-0

[Event "4NCL Online Division 3"]
[Site "online"]
[Date "2020.09.22"]
[Round "3.31"]
[White "Menadue, Jeremy F S"]
[Black "Walton, Alan J"]
[Result "1/2-1/2"]
[WhiteElo "2050"]
[BlackElo "2177"]
[PlyCount "24"]
[EventDate "2020.09.22"]
[WhiteTeam "Trelawny's Army"]
[BlackTeam "Urmston"]

1. d4 e6 2. Nf3 f5 3. h3 Nf6 4. g4 fxg4 5. hxg4 Nxg4 6. Qd3 Qf6 7. Rxh7 Rxh7 8.
Qxh7 Nh6 9. Bh3 Nc6 10. Bg5 Qf7 11. Nc3 a6 12. Qe4 Nf5 1/2-1/2

[Event "4NCL Online Division 3"]
[Site "online"]
[Date "2020.09.22"]
[Round "3.32"]
[White "Hill, Jonathan S"]
[Black "Retallick, Lloyd"]
[Result "1/2-1/2"]
[WhiteElo "2012"]
[BlackElo "2065"]
[PlyCount "46"]
[EventDate "2020.09.22"]
[WhiteTeam "Urmston"]
[BlackTeam "Trelawny's Army"]

1. d4 d5 2. c4 e6 3. Nc3 Be7 4. cxd5 exd5 5. Bf4 Nf6 6. e3 O-O 7. Bd3 c6 8. Nf3
Re8 9. h3 Nbd7 10. O-O Nf8 11. a3 Ng6 12. Bh2 Bd6 13. Bxd6 Qxd6 14. Qc2 Ne7 15.
Ne5 g6 16. b4 a6 17. g4 h5 18. f3 hxg4 19. fxg4 Rf8 20. Qf2 Kg7 21. Na4 Nh7 22.
Nb6 Rb8 23. Nxc8 Rbxc8 1/2-1/2

[Event "4NCL Online Division 3"]
[Site "online"]
[Date "2020.09.22"]
[Round "3.33"]
[White "Hassall, Mark I"]
[Black "Robinson, Alex"]
[Result "1-0"]
[WhiteElo "1942"]
[BlackElo "1645"]
[PlyCount "27"]
[EventDate "2020.09.22"]
[WhiteTeam "Trelawny's Army"]
[BlackTeam "Urmston"]

1. e4 e6 2. d4 d5 3. Nc3 dxe4 4. Nxe4 Nd7 5. Nf3 Ngf6 6. Nxf6+ Nxf6 7. Bd3 b6
8. O-O c5 9. Re1 Be7 10. dxc5 bxc5 11. Ne5 Qc7 12. Bb5+ Nd7 13. Bf4 Qb7 14. Bc6
1-0

[Event "4NCL Online Division 3"]
[Site "online"]
[Date "2020.09.22"]
[Round "3.34"]
[White "Randall, Grant"]
[Black "Kneebone, Robin F G"]
[Result "0-1"]
[WhiteElo "1592"]
[BlackElo "1982"]
[PlyCount "70"]
[EventDate "2020.09.22"]
[WhiteTeam "Urmston"]
[BlackTeam "Trelawny's Army"]

1. e4 c5 2. c3 d5 3. exd5 Qxd5 4. d4 Nf6 5. Nf3 e6 6. Be2 Be7 7. O-O O-O 8.
dxc5 Qxc5 9. Be3 Qc7 10. h3 Nd5 11. Bg5 Nc6 12. Bxe7 Ncxe7 13. Na3 Nf4 14. Bc4
b6 15. Qd2 Bb7 16. Be2 Rad8 17. Qc2 Nf5 18. Rad1 Nxg2 19. Kxg2 Nh4+ 20. Kg1
Bxf3 21. Nb5 Qf4 22. Qc1 Qxc1 23. Rxc1 Bxe2 24. Nxa7 Bxf1 25. Kxf1 Ra8 26. Nc6
Ng6 27. a3 Rac8 28. Na7 Rc5 29. b4 Rh5 30. Kg2 Rd5 31. c4 Rd3 32. Nb5 Nf4+ 33.
Kf1 Rxh3 34. Ke1 Rd8 35. f3 Rh1+ 0-1

[Event "4NCL Online Division 3"]
[Site "online"]
[Date "2020.09.22"]
[Round "3.41"]
[White "Putar, Leon"]
[Black "Skettos, Nicolas"]
[Result "0-1"]
[WhiteElo "1894"]
[BlackElo "1862"]
[PlyCount "114"]
[EventDate "2020.09.22"]
[WhiteTeam "St Benildus B"]
[BlackTeam "Phones Pals"]

1. e4 e6 2. d4 d5 3. Nc3 Nf6 4. Bg5 dxe4 5. Nxe4 Be7 6. Nxf6+ Bxf6 7. Bxf6 Qxf6
8. Nf3 b6 9. Qd2 Bb7 10. Bb5+ c6 11. Be2 O-O 12. c3 Nd7 13. h4 c5 14. O-O-O
Rfd8 15. Qe3 Rac8 16. Kb1 cxd4 17. Nxd4 Nc5 18. f3 e5 19. Nc2 a5 20. g4 Qe7 21.
h5 f6 22. h6 g5 23. Nd4 Qf7 24. Nf5 Bd5 25. c4 Be6 26. Nd6 Qg6+ 27. Ka1 Rc7 28.
Rd2 Rcd7 29. Rhd1 Qxh6 30. b3 Qf8 31. Ne4 Rxd2 32. Rxd2 Rxd2 33. Qxd2 Nxe4 34.
fxe4 Qe7 35. Kb2 Kg7 36. a3 Qd7 37. Kc3 Bxg4 38. Qxd7+ Bxd7 39. b4 axb4+ 40.
axb4 g4 41. c5 bxc5 42. bxc5 g3 43. Bf3 Kg6 44. Kc4 Bc6 45. Kb4 h5 46. Ka5 h4
47. Bg2 Kg5 48. Kb6 Be8 49. c6 Bxc6 50. Kxc6 Kg4 51. Kd6 h3 52. Bxh3+ Kxh3 53.
Ke6 g2 54. Kxf6 g1=Q 55. Kxe5 Qg8 56. Kd6 Qe8 57. e5 Kg4 0-1